000 00245nam a2200109Ia 4500
008 190216s9999||||xx |||||||||||||| ||und||
100 _aKurup Kg
245 0 _aWorld History
260 _bLissy Publishing House
650 _aHistory
942 _cBK
999 _c18613
_d18613